| 000 | 00438nam a22001577a 4500 | ||
|---|---|---|---|
| 020 | _a9789709726886 | ||
| 040 | _cNUST | ||
| 082 | _a728.8 CAR | ||
| 100 |
_aCarranza Valles, Alex _988438 |
||
| 110 |
_aRuíz Díaz,Gerardo _988752 |
||
| 245 |
_aCasas 20 Houses: _bCarranza & Ruiz Arquitects |
||
| 250 | _a1st Edition | ||
| 260 |
_aMéxico : _bAM Editores, _c2008. |
||
| 650 |
_aCarranza y Ruiz Arquitectos. _988753 |
||
| 942 |
_2ddc _cBK |
||
| 999 |
_c587620 _d587620 |
||